Представление документа в формате RUSMARC

ПолеНазваниеЗначение
  Тип записи a
  Библиографический уровень m
001 Контрольный номер RU\NLR\bibl\1295377
005 Дата корректировки 20201206204656.2
010 Индекс ISBN __
a ISBN 978-5-7695-4687-7
d Цена 411-07
021 № государственной регистрации __
b № документа 2008-73024
100 Данные общей обработки __
a Данные общей обработки 19081118d2008 |||y0rusy0189 ca
101 Язык документа __
a Язык текста rus
c Язык оригинала rus
102 Страна публикации __
a Страна публикации RU
105 Кодированные данные (монография) __
a Кодированные данные (монография) a |||||||zy
200 Заглавие и сведения об ответственности 1_
a Заглавие Экспертиза и диагностика объектов и систем сервиса
e Сведения, относящиеся к заглавию учеб. пособие для студентов высш. учеб. заведений, обучающихся по специальности 100101 "Сервис" (специализация "Автосервис")
f Первые сведения об ответственности Ю. Г. Сапронов
b Общее обозначение материала Текст
210 Выходные данные __
a Место издания М.
c Издательство Академия
d Дата издания 2008
215 Физическое описание __
a Объем 219 с.
c Иллюстрации/тип воспроизводства ил.
225 Серия __
a Серия Высшее профессиональное образование
i Наименование части Автосервис
225 Серия __
a Серия Учебное пособие
320 Библиография __
a Библиография Библиогр.: с. 216-217 (19 назв.)
330 Аннотация __
a Аннотация Изложены теоретические и практические вопросы экспертизы и диагностики объектов и систем автосервиса.
606 Тематические рубрики __
a Основная рубрика Сервис. Бытовое обслуживание
610 Ключевые слова __
a Ключевые слова автосервис; диагностика систем автосервиса; автотранспортные средства; автосервисные предприятия; автосервисные услуги; диагностика автомобилей; автомобильный парк; оценка транспортных средств; техническое обслуживание автомобилей
686 Индексы других классификаций __
a Классификационный индекс 65.373.312я73
700 Автор _1
a Фамилия Сапронов
b Имя Ю. Г.
g Полное личное имя Юрий Георгиевич
4 Код отношения 070
801 Источник записи _0
a Страна RU
b Организация Муниципальное бюджетное учреждение культуры "Централизованная библиотечная система" г. Сургут (Центральная городская библиотека им. А. С. Пушкина)
c Дата составления 20081118
g Правила каталогизации КиК/Елгина
801 Источник записи _1
a Страна RU
b Организация Муниципальное бюджетное учреждение культуры "Централизованная библиотечная система" г. Сургут (Центральная городская библиотека им. А. С. Пушкина)
c Дата составления 20081118
g Правила каталогизации КиК/Елгина
852 Данные о местонахождении __
j Шифр хранения 65.373.312я73
c Каталожный индекс 65.373.312я73
i Авторский знак С 19
901 Тип документа __
t Тип документа m
903 Характеристики (МАРС) __
a Дата передачи 20090929
969 Тип издания __
a Тип издания учебное пособие
990 Данные о заказе (DOS) __
j Количество экземпляров (DOS) 1
t N записи в КСУ для И/У (DOS) 200910